German words A1.1 (Lektion 17) - Statistics

General Stats
  • This quiz has been taken 7 times
  • The average score is 18 of 29
Answer Stats
In German In English % Correct
Chance die, -n Chance, opportunity
100%
Europa (das) Europe
100%
Instrument das, -e Instrument
100%
Politiker der, - Politician
100%
Sängerin die, -nen Singer (female)
100%
Sänger der, - Singer (male)
100%
Welt die World
100%
Ausland das Abroad, foreign
83%
Kreditkarte die, -n Credit card
83%
Star der, -s Star
83%
Ohne Without
83%
Geld das Money
67%
Motorrad das, -er Motorcycle
67%
Lied das, -er Song
67%
Laufen (To) run
67%
Reisen (To) Travel
67%
Wollen (To) want, wish
67%
Wunsch der, -e Wish, desire
67%
Führerschein der, -e Driving license, driver's license
50%
Fremdsprache die, -n Foreign language
50%
Prüfung die, -en Test, exam
50%
Putzen (To) clean
50%
Heiraten (To) marry, get married
50%
Werden (To) become
33%
Ab•schließen (To) complete, finish
17%
Verdienen (To) earn, deserve
17%
Unbedingt Absolutelly
0%
Auf keinen Fall Definitely not
0%
An•melden (To) register, enroll
0%
No matching quizzes found
Score Distribution
Percent of People with Each Score
Percentile by Number Answered
Your Score History
You have not taken this quiz